| 000 | 00544cam a2200193ua 4500 | ||
|---|---|---|---|
| 001 | 5301 | ||
| 005 | 20260515113847.0 | ||
| 008 | 120730n enk |||gr||||Z||||||eng | ||
| 020 | _a0-7131-6100-0 | ||
| 040 | _cMAIN | ||
| 082 | _a829.1 | ||
| 100 |
_aRaw, Barbara C., _d1978, _eAuthor, |
||
| 245 | 1 | 1 |
_aThe art and background of old english poetry _cby Barbara C. Raw |
| 250 | _a1st. | ||
| 260 |
_aLondon: _bBritish library cataloguing in publication data, _c1978. |
||
| 300 |
_a148p: _c23cm. |
||
| 653 | _aOld English (Anglo-Saxon) | ||
| 942 | _cBK | ||
| 999 |
_c4479 _d4479 |
||